[Event "Groningen op 57th"]
[Site "Groningen"]
[Date "2019.12.28"]
[Round "7"]
[White "Mollema, Thomas"]
[Black "Gleizerov, Evgeny"]
[Result "0-1"]
[WhiteElo "2207"]
[BlackElo "2508"]
[PlyCount "164"]
[EventDate "2019.12.21"]
[EventType "swiss"]
[EventRounds "9"]
[EventCountry "NED"]
[SourceTitle "CBM 194 Extra"]
[Source "ChessBase"]
[SourceDate "2020.03.31"]
[SourceVersion "1"]
[SourceVersionDate "2020.03.31"]
[SourceQuality "1"]

1. e4 e6 2. d4 d5 3. exd5 exd5 4. Nf3 Bd6 5. Bd3 Ne7 6. 0-0 Nbc6 7. c3 Bg4 8. a4 Qd7 9. Re1 0-0 10. h3 Bf5 11. Na3 a6 12. Nc2 Rfe8 13. Ne3 Bxd3 14. Qxd3 Na5 15. Qc2 Nc4 16. b3 Nxe3 17. Bxe3 Rac8 18. Re2 b6 19. Qd3 a5 20. Rae1 c5 21. dxc5 bxc5 22. c4 d4 23. Bd2 Nc6 24. Ng5 g6 25. Qf3 Rxe2 26. Rxe2 Qf5 27. Qxf5 gxf5 28. Re1 Rb8 29. Rb1 Ne5 30. Bxa5 Nxc4 31. Be1 Na3 32. Rd1 Rxb3 33. Nf3 Nc2 34. Kf1 Ra3 35. a5 Bc7 36. Bd2 c4 37. Bg5 d3 38. Nd2 Ra4 39. Nxc4 Rxc4 40. Rxd3 Nb4 41. Ra3 Na6 42. Be3 Kg7 43. Ke2 Kf6 44. Rb3 Re4 45. Kf3 Ra4 46. Bb6 Bd6 47. Bd8+ Ke5 48. Rb7 Ra3+ 49. Ke2 Ra2+ 50. Kf3 Ke6 51. Rb6 Nc5 52. Bc7 Ne4 53. Ke3 Kd5 54. Bxd6 Nxd6 55. Rb8 Nc4+ 56. Kf3 Ne5+ 57. Kg3 Rxa5 58. Rh8 f4+ 59. Kh2 Ra2 60. Kg1 Ra1+ 61. Kh2 Nd3 62. f3 Ne1 63. Rxh7 Ra2 64. Kh1 Nxg2 65. Rxf7 Ke5 66. Re7+ Kf6 67. Re4 Kg5 68. Re8 Ne3 69. Rh8 Rf2 70. h4+ Kg6 71. Rg8+ Kh7 72. Rg5 Rxf3 73. Kh2 Rf2+ 74. Kh3 Rf1 75. Kh2 Ra1 76. Rb5 Ra2+ 77. Kh3 f3 78. Rb7+ Kg6 79. h5+ Kxh5 80. Rf7 f2 81. Rf3 Kg6 82. Rg3+ Kh7 0-1

[Event "Groningen op 57th"]
[Site "Groningen"]
[Date "2019.12.27"]
[Round "6"]
[White "Mollema, Thomas"]
[Black "Davtyan, Artur"]
[Result "1/2-1/2"]
[WhiteElo "2207"]
[BlackElo "2437"]
[PlyCount "55"]
[EventDate "2019.12.21"]
[EventType "swiss"]
[EventRounds "9"]
[EventCountry "NED"]
[SourceTitle "CBM 194 Extra"]
[Source "ChessBase"]
[SourceDate "2020.03.31"]
[SourceVersion "1"]
[SourceVersionDate "2020.03.31"]
[SourceQuality "1"]

1. e4 e5 2. Nf3 Nc6 3. Nc3 Nf6 4. d4 exd4 5. Nxd4 Bb4 6. Nxc6 bxc6 7. Bd3 d5 8. exd5 0-0 9. 0-0 cxd5 10. h3 c6 11. Qf3 Rb8 12. Bf4 Bd6 13. b3 Be6 14. Rfe1 Re8 15. Rad1 Qc7 16. Ne2 c5 17. Qg3 Rbd8 18. Bxd6 Qxd6 19. Qh4 Bd7 20. Ng3 g6 21. Qg5 Kg7 22. Be2 h6 23. Qd2 Re5 24. Bf3 Rde8 25. Rxe5 Rxe5 26. Re1 d4 27. Rd1 Nd5 28. Ne2 1/2-1/2

[Event "Groningen op 57th"]
[Site "Groningen"]
[Date "2019.12.22"]
[Round "2"]
[White "Mollema, Thomas"]
[Black "Harshini, A."]
[Result "1-0"]
[WhiteElo "2207"]
[BlackElo "2076"]
[PlyCount "101"]
[EventDate "2019.12.21"]
[EventType "swiss"]
[EventRounds "9"]
[EventCountry "NED"]
[SourceTitle "CBM 194 Extra"]
[Source "ChessBase"]
[SourceDate "2020.03.31"]
[SourceVersion "1"]
[SourceVersionDate "2020.03.31"]
[SourceQuality "1"]

1. e4 e5 2. Nf3 Nc6 3. Nc3 Nf6 4. d4 exd4 5. Nxd4 Bb4 6. Nxc6 bxc6 7. Bd3 d5 8. exd5 cxd5 9. 0-0 0-0 10. h3 c6 11. Qf3 Re8 12. a3 Bd6 13. b4 Qe7 14. Bf4 Be6 15. Rfe1 Bxf4 16. Qxf4 Nh5 17. Qe5 Qh4 18. Qd6 Rad8 19. Qe5 Nf4 20. Bf1 f6 21. Qc7 Qg5 22. Kh2 Qf5 23. Ne2 Nxe2 24. Rxe2 Rc8 25. Qxa7 d4 26. Rae1 Bf7 27. Re7 Ra8 28. Qb7 Rab8 29. Qxc6 Qxf2 30. Bc4 Bxc4 31. Qxc4+ Kh8 32. Qf7 Rg8 33. Re8 Rbxe8 34. Rxe8 Qf4+ 35. Kg1 Qc1+ 36. Kf2 Qd2+ 37. Kf3 Qc3+ 38. Kg4 f5+ 39. Kh4 g5+ 40. Kh5 Rxe8 41. Qxe8+ Kg7 42. Qe7+ Kg8 43. Qxg5+ Kf7 44. Qxf5+ Ke8 45. b5 Qxa3 46. b6 Qa6 47. Qe5+ Kf7 48. Qd5+ Ke7 49. b7 Qe2+ 50. Kh4 Qe1+ 51. g3 1-0

[Event "Groningen op 57th"]
[Site "Groningen"]
[Date "2019.12.21"]
[Round "1"]
[White "Fier, Alexandr"]
[Black "Mollema, Thomas"]
[Result "1-0"]
[WhiteElo "2528"]
[BlackElo "2207"]
[PlyCount "65"]
[EventDate "2019.12.21"]
[EventType "swiss"]
[EventRounds "9"]
[EventCountry "NED"]
[SourceTitle "CBM 194 Extra"]
[Source "ChessBase"]
[SourceDate "2020.03.31"]
[SourceVersion "1"]
[SourceVersionDate "2020.03.31"]
[SourceQuality "1"]

1. d4 Nf6 2. c4 e6 3. Nc3 Bb4 4. e3 b6 5. Nge2 Bb7 6. a3 Be7 7. Ng3 d5 8. cxd5 Nxd5 9. Bb5+ c6 10. Bd3 c5 11. 0-0 cxd4 12. exd4 h5 13. Re1 Nxc3 14. bxc3 g6 15. Bf4 Nd7 16. c4 Nf6 17. Be5 h4 18. Ne2 Rh5 19. Nf4 Rg5 20. d5 Ng4 21. Nxe6 fxe6 22. Bf4 Nxf2 23. Kxf2 Bc5+ 24. Kf1 e5 25. Bxe5 h3 26. g3 Kf8 27. Qf3+ Kg8 28. Bf6 Qf8 29. Re6 Bd4 30. Rae1 Bxf6 31. Rxf6 Qxf6 32. Qxf6 Rf8 33. Re8 1-0

[Event "NED-chT 1819"]
[Site "Netherlands"]
[Date "2019.05.11"]
[Round "9.1"]
[White "Schoppen, Casper"]
[Black "Mollema, Thomas"]
[Result "1-0"]
[WhiteElo "2433"]
[BlackElo "2251"]
[PlyCount "81"]
[EventDate "2018.09.15"]
[EventType "team-tourn"]
[EventRounds "9"]
[EventCountry "NED"]
[SourceTitle "CBM 189 Extra"]
[Source "ChessBase"]
[SourceDate "2019.06.03"]
[SourceVersion "1"]
[SourceVersionDate "2019.06.03"]
[SourceQuality "1"]
[WhiteTeam "Leiden LSG"]
[BlackTeam "Calder HMC"]
[WhiteTeamCountry "NED"]
[BlackTeamCountry "NED"]

1. c4 f5 2. Nc3 Nf6 3. g3 d6 4. Bg2 g6 5. d4 Bg7 6. Nh3 e6 7. 0-0 0-0 8. Nf4 g5 9. Nd3 h6 10. e4 fxe4 11. Nxe4 Nc6 12. d5 Nd4 13. Nxf6+ Qxf6 14. f4 g4 15. Nf2 h5 16. Bd2 Nf5 17. Bc3 Qh6 18. Qd3 Bxc3 19. Qxc3 Qg7 20. Qxg7+ Kxg7 21. Rfe1 Re8 22. Rac1 b6 23. Ne4 e5 24. Ng5 Nd4 25. fxe5 dxe5 26. c5 Kg6 27. Ne4 Bb7 28. c6 Ba6 29. d6 Re6 30. d7 Bb5 31. Nc3 Bxc6 32. Nd5 Rd8 33. Rxc6 Rxc6 34. Ne7+ Kf6 35. Nxc6 Rxd7 36. Nxe5 Re7 37. Nd3 Rd7 38. Nf4 Nf3+ 39. Bxf3 gxf3 40. Rf1 f2+ 41. Rxf2 1-0

[Event "BEL-chT 1819"]
[Site "Belgium"]
[Date "2018.10.07"]
[Round "2.5"]
[White "Hopman, Pieter"]
[Black "Mollema, Thomas"]
[Result "1-0"]
[WhiteElo "2321"]
[BlackElo "2251"]
[PlyCount "137"]
[EventDate "2018.09.30"]
[EventType "team-tourn"]
[EventRounds "11"]
[EventCountry "BEL"]
[SourceTitle "CBM 186 Extra"]
[Source "ChessBase"]
[SourceDate "2018.08.24"]
[SourceVersion "1"]
[SourceVersionDate "2018.08.24"]
[SourceQuality "1"]
[WhiteTeam "Liege Crelel"]
[BlackTeam "Echiquier Mosan"]
[WhiteTeamCountry "BEL"]
[BlackTeamCountry "BEL"]

1. e4 e5 2. Nf3 Nc6 3. Nc3 Nf6 4. d4 exd4 5. Nxd4 Bb4 6. Nxc6 bxc6 7. Bd3 d5 8. exd5 cxd5 9. 0-0 0-0 10. h3 Re8 11. Qf3 c6 12. Bf4 Qe7 13. Bg5 Bd6 14. Ne2 Rb8 15. b3 c5 16. Bxf6 Qxf6 17. Qxf6 gxf6 18. Rad1 Be6 19. Nc3 Be5 20. Nb1 f5 21. Be2 Red8 22. Rfe1 Bf6 23. Rd3 Kg7 24. Nd2 Rb6 25. Rf3 Kh6 26. Nf1 Bg5 27. h4 Bf6 28. Bd3 Rb4 29. Bxf5 Bxf5 30. Rxf5 Kg6 31. Ne3 Bxh4 32. Rxd5 Rxd5 33. Nxd5 Rd4 34. c4 Rd2 35. g3 Bf6 36. Nxf6 Kxf6 37. a3 Ra2 38. a4 Rb2 39. Re3 Rb1+ 40. Kg2 Rd1 41. Kf3 Rd2 42. g4 h6 43. Rc3 Kg5 44. Kg3 f5 45. gxf5 Kxf5 46. Re3 Rd4 47. Re7 Rd3+ 48. f3 h5 49. Rxa7 Rxb3 50. Rc7 h4+ 51. Kxh4 Rb4 52. Rxc5+ Kf4 53. a5 Ra4 54. Rc6 Rxa5 55. Rf6+ Ke3 56. Kg4 Rc5 57. Re6+ Kd3 58. f4 Kxc4 59. f5 Kd5 60. Kg5 Rc1 61. Re2 Kd6 62. Kf6 Rf1 63. Rd2+ Kc7 64. Kg6 Rg1+ 65. Kf7 Rf1 66. f6 Rg1 67. Kf8 Rg3 68. f7 Rg1 69. Rd4 1-0

[Event "NED-chT 1819"]
[Site "Netherlands"]
[Date "2018.10.06"]
[Round "2.6"]
[White "Mollema, Thomas"]
[Black "Van de Griendt, Jan Willem"]
[Result "0-1"]
[WhiteElo "2251"]
[BlackElo "2335"]
[PlyCount "76"]
[EventDate "2018.09.15"]
[EventType "team-tourn"]
[EventRounds "9"]
[EventCountry "NED"]
[SourceTitle "CBM 187 Extra"]
[Source "ChessBase"]
[SourceDate "2018.11.04"]
[SourceVersion "1"]
[SourceVersionDate "2018.11.04"]
[SourceQuality "1"]
[WhiteTeam "Calder HMC"]
[BlackTeam "En Passant"]
[WhiteTeamCountry "NED"]
[BlackTeamCountry "NED"]

1. d4 Nf6 2. c4 c5 3. d5 b5 4. cxb5 a6 5. bxa6 g6 6. Nc3 Bg7 7. e4 d6 8. g3 0-0 9. Nge2 Nbd7 10. Bg2 Bxa6 11. f4 Qb6 12. Kf2 Ng4+ 13. Kf3 Nde5+ 14. fxe5 Nxe5+ 15. Ke3 c4+ 16. Kd2 Nd3 17. Kc2 Rfb8 18. Rb1 Nb4+ 19. Kd2 Bh6+ 20. Nf4 Nxa2 21. Ra1 Nxc1 22. Rxc1 Qf2+ 23. Qe2 Rxb2+ 24. Rc2 Bxf4+ 25. gxf4 Qxf4+ 26. Kd1 Bc8 27. Rxb2 Bg4 28. Ke1 Bxe2 29. Kxe2 Ra3 30. Rc2 Qe5 31. Nb1 Qh5+ 32. Kf2 Qh4+ 33. Kf1 Qf4+ 34. Ke1 Qe3+ 35. Re2 Qc1+ 36. Kf2 Qf4+ 37. Kg1 Ra1 38. Re1 c3 0-1

[Event "NED-chT 1819"]
[Site "Netherlands"]
[Date "2018.09.15"]
[Round "1.2"]
[White "Spoelman, Wouter"]
[Black "Mollema, Thomas"]
[Result "1-0"]
[WhiteElo "2572"]
[BlackElo "2251"]
[PlyCount "73"]
[EventDate "2018.09.15"]
[EventType "team-tourn"]
[EventRounds "9"]
[EventCountry "NED"]
[SourceTitle "CBM 186 Extra"]
[Source "ChessBase"]
[SourceDate "2018.08.24"]
[SourceVersion "1"]
[SourceVersionDate "2018.08.24"]
[SourceQuality "1"]
[WhiteTeam "Kennemer Combinatie"]
[BlackTeam "Calder HMC"]
[WhiteTeamCountry "NED"]
[BlackTeamCountry "NED"]

1. c4 Nf6 2. Nc3 c5 3. Nf3 Nc6 4. d4 d5 5. cxd5 Nxd5 6. e4 Nxc3 7. bxc3 cxd4 8. cxd4 e6 9. Be2 Bb4+ 10. Bd2 0-0 11. 0-0 Bxd2 12. Qxd2 b6 13. h4 Bb7 14. h5 h6 15. Rad1 Nb8 16. Qe3 Nd7 17. e5 Qe7 18. Nd2 Bd5 19. Ne4 Bxa2 20. Nd6 Bd5 21. f4 f5 22. Qg3 Nb8 23. Bf3 Bxf3 24. Qxf3 Na6 25. g4 fxg4 26. Qxg4 Nb4 27. f5 exf5 28. Nxf5 Rxf5 29. Rxf5 Nd5 30. Rdf1 Rd8 31. R5f3 a5 32. Rg3 b5 33. Qg6 Nc7 34. Qxh6 Rxd4 35. Qf6 Qxf6 36. exf6 Rd7 37. h6 1-0

[Event "Mare di Fano op 6th"]
[Site "Fano"]
[Date "2017.07.31"]
[Round "3"]
[White "Mollema, Thomas"]
[Black "Pastuszko, Kinga"]
[Result "1-0"]
[WhiteElo "2221"]
[BlackElo "1961"]
[PlyCount "51"]
[EventDate "2017.07.29"]
[EventType "swiss"]
[EventRounds "9"]
[EventCountry "ITA"]
[SourceTitle "EXT 2018"]
[Source "ChessBase"]
[SourceDate "2017.10.13"]
[SourceVersion "1"]
[SourceVersionDate "2017.10.13"]
[SourceQuality "1"]

1. e4 c5 2. Nf3 d6 3. d4 cxd4 4. Nxd4 Nf6 5. Nc3 a6 6. g3 e5 7. Nde2 Be6 8. Bg2 Nbd7 9. 0-0 b5 10. h3 Nb6 11. b3 d5 12. exd5 Nfxd5 13. Bb2 f6 14. Re1 b4 15. Nxd5 Bxd5 16. Bxe5 Bxg2 17. Nd4 Kf7 18. Bxf6 Qd5 19. Re5 Qb7 20. Qg4 Qd7 21. Re7+ Bxe7 22. Qxg7+ Ke8 23. Re1 Nd5 24. Qxh8+ Kf7 25. Qg7+ Ke8 26. Qg8# 1-0

[Event "Amsterdam Science Park op-A"]
[Site "Amsterdam"]
[Date "2017.07.11"]
[Round "4"]
[White "Mollema, Thomas"]
[Black "Tereick, Benjamin"]
[Result "1/2-1/2"]
[WhiteElo "2221"]
[BlackElo "2410"]
[PlyCount "121"]
[EventDate "2017.07.08"]
[EventType "swiss"]
[EventRounds "9"]
[EventCountry "NED"]
[SourceTitle "CBM 179 Extra"]
[Source "ChessBase"]
[SourceDate "2017.08.23"]
[SourceVersion "1"]
[SourceVersionDate "2017.08.23"]
[SourceQuality "1"]

1. e4 e6 2. d4 d5 3. exd5 exd5 4. Qf3 Nf6 5. h3 c5 6. Bb5+ Nc6 7. Ne2 Qb6 8. Nbc3 cxd4 9. Nxd5 Nxd5 10. Qxd5 Be6 11. Bxc6+ bxc6 12. Qxd4 Bc5 13. Qf4 Qa6 14. Qe5 Qa5+ 15. Kf1 0-0 16. Bh6 gxh6 17. Qg3+ Kh8 18. Qe5+ Kg8 19. Qg3+ Kh8 20. Qe5+ f6 21. Qxe6 Qb6 22. Qb3 Bxf2 23. Qxb6 Bxb6 24. Rd1 Rae8 25. Rd2 Be3 26. Rd3 f5 27. g3 h5 28. h4 f4 29. gxf4 Bxf4 30. Ke1 Be5 31. b3 Rg8 32. Kd1 Rg4 33. Rd7 Bg7 34. Rg1 Bf6 35. Rf1 Re7 36. Rd6 Bxh4 37. Nd4 Re8 38. Rd7 c5 39. Nb5 Bg5 40. Nc7 Rd8 41. Rxd8+ Bxd8 42. Rf8+ Rg8 43. Rxg8+ Kxg8 44. Nb5 a6 45. Nd6 Kg7 46. Ke2 Kg6 47. Kf3 Be7 48. Ne8 Kg5 49. Nc7 a5 50. Nd5 Bd6 51. Ne3 Bc7 52. a3 h4 53. Kg2 Be5 54. Nc4 Bc3 55. Nd6 Kf4 56. Nb7 Ke3 57. Nxc5 Kd2 58. b4 Bxb4 59. axb4 axb4 60. Na6 Kxc2 61. Nxb4+ 1/2-1/2

[Event "Amsterdam Science Park op-A"]
[Site "Amsterdam"]
[Date "2017.07.09"]
[Round "2"]
[White "Riemersma, Liafbern"]
[Black "Mollema, Thomas"]
[Result "0-1"]
[WhiteElo "2452"]
[BlackElo "2221"]
[PlyCount "92"]
[EventDate "2017.07.08"]
[EventType "swiss"]
[EventRounds "9"]
[EventCountry "NED"]
[SourceTitle "CBM 179 Extra"]
[Source "ChessBase"]
[SourceDate "2017.08.23"]
[SourceVersion "1"]
[SourceVersionDate "2017.08.23"]
[SourceQuality "1"]

1. d4 f5 2. g3 Nf6 3. Bg2 g6 4. Nh3 Nc6 5. d5 Ne5 6. Nf4 Bg7 7. h4 Nf7 8. Nc3 c6 9. e4 e5 10. dxe6 dxe6 11. Qxd8+ Nxd8 12. h5 e5 13. h6 Bf8 14. Nd3 Nf7 15. Bd2 g5 16. 0-0-0 f4 17. f3 Rg8 18. Ne2 Be6 19. Bc3 Nd7 20. Rdg1 Rg6 21. gxf4 gxf4 22. Bh3 Rxg1+ 23. Nxg1 Bxh3 24. Nxh3 Ke7 25. Nhf2 Ke6 26. Ng4 Bd6 27. Kd2 Rg8 28. Ke2 Bc7 29. a4 Ng5 30. Rh5 Nxe4 31. Rh2 Nxc3+ 32. bxc3 e4 33. Ndf2 exf3+ 34. Kxf3 Ne5+ 35. Nxe5 Rg3+ 36. Kxf4 Bxe5+ 37. Ke4 Rxc3 38. Rh5 Bf6 39. Nd3 Rxc2 40. Nc5+ Ke7 41. Nxb7 Rc4+ 42. Kf5 Rxa4 43. Rh2 Rd4 44. Re2+ Kf7 45. Rc2 Rd7 46. Rxc6 Be7 0-1